000
00299nam a22001337a 4500
008
190206b xxu||||| |||| 00| 0 eng d
020
_a
0395332877
041
_a
eng
080
_a
510
100
_a
38
101
_a
MAT
245
_a
College Algebra and Trigonometry
_c
Kelly,T.J
942
_2
udc
_c
BK
999
_c
54096
_d
54096